Т. 43 : Петрология траппов Сибирской платформы; Труды Арктического института
| Parent link: | Труды Арктического института=Transactions of the Arctic Institute/ Всесоюзный арктический институт (ВАИ). Т. 43 : Петрология траппов Собирской платформы.— , 1931-1938 |
|---|---|
| Main Author: | |
| Summary: | Резюме на англ. яз. |
| Language: | Russian English German |
| Published: |
1936
|
| Series: | Геология |
| Subjects: | |
| Format: | MixedMaterials Book |
| KOHA link: | https://koha.lib.tpu.ru/cgi-bin/koha/opac-detail.pl?biblionumber=336661 |
MARC
| LEADER | 00000nam2a2200000 4500 | ||
|---|---|---|---|
| 001 | 336661 | ||
| 005 | 20231102004857.0 | ||
| 035 | |a (RuTPU)RU\TPU\book\363090 | ||
| 035 | |a RU\TPU\book\363038 | ||
| 090 | |a 336661 | ||
| 100 | |a 20171019d1936 k y0rusy50 ca | ||
| 101 | 0 | |a rus |a eng |a ger | |
| 102 | |a RU | ||
| 105 | |a a z 001zy | ||
| 200 | 0 | |a Т. 43 : Петрология траппов Сибирской платформы |d Petrologie der trappen des Sibirischen tafellandes |f В. Соболев | |
| 210 | |d 1936 | ||
| 215 | |a 224 с. |c ил. | ||
| 225 | 1 | |a Геология | |
| 300 | |a Резюме на англ. яз. | ||
| 320 | |a Библиогр.: с. 205-214 | ||
| 461 | 1 | |0 (RuTPU)RU\TPU\book\314159 |t Труды Арктического института |l Transactions of the Arctic Institute |f Всесоюзный арктический институт (ВАИ) |v Т. 43 : Петрология траппов Собирской платформы |d 1931-1938 | |
| 510 | 1 | |a Petrologie der trappen des Sibirischen tafellandes |z ger | |
| 606 | 1 | |a Арктика |x География |2 stltpush |3 (RuTPU)RU\TPU\subj\29357 |9 52708 | |
| 606 | 1 | |a Траппы |2 stltpush |3 (RuTPU)RU\TPU\subj\61551 |9 78739 | |
| 610 | 1 | |a петрология | |
| 610 | 1 | |a Сибирская платформа | |
| 610 | 1 | |a геология | |
| 610 | 1 | |a химические свойства | |
| 610 | 1 | |a кристаллизация | |
| 610 | 1 | |a щелочные породы | |
| 610 | 1 | |a гибридные породы | |
| 610 | 1 | |a контактный метаморфизм | |
| 610 | 1 | |a минералогия | |
| 610 | 1 | |a полезные ископаемые | |
| 610 | 1 | |a библиотека М. А. Усова | |
| 675 | |a 91(98) |v 3 | ||
| 675 | |a 552.313 |v 3 | ||
| 700 | 1 | |a Соболев |b В. |g Владимир | |
| 801 | 1 | |a RU |b 63413507 |c 20130208 | |
| 801 | 2 | |a RU |b 63413507 |c 20201014 |g RCR | |
| 942 | |c BK | ||